Microelectronic circuits (Record no. 1329)

000 -LEADER
fixed length control field 00597nam a22002177a 4500
001 - CONTROL NUMBER
control field 1329
003 - CONTROL NUMBER IDENTIFIER
control field BD-DhUET
008 - FIXED-LENGTH DATA ELEMENTS--GENERAL INFORMATION
fixed length control field 140903b xxu||||| |||| 00| 0 eng d
020 ## - INTERNATIONAL STANDARD BOOK NUMBER
International Standard Book Number 0195680847
040 ## - CATALOGING SOURCE
Transcribing agency 0
Modifying agency BD-DhUET
082 ## - DEWEY DECIMAL CLASSIFICATION NUMBER
Classification number 623.8153
Item number SED/1982
100 ## - MAIN ENTRY--PERSONAL NAME
Personal name Sedra, Adel.S
245 ## - TITLE STATEMENT
Title Microelectronic circuits
Statement of responsibility, etc. by Adel S. Sedra and Kenneth C. Smith
250 ## - EDITION STATEMENT
Edition statement 5th ed.
260 ## - PUBLICATION, DISTRIBUTION, ETC. (IMPRINT)
Place of publication, distribution, etc. New York
Name of publisher, distributor, etc. Oxford University Press
Date of publication, distribution, etc. 1982
300 ## - PHYSICAL DESCRIPTION
Extent xxi, 1283 p.
Other physical details ill.
Dimensions 22 cm.
504 ## - BIBLIOGRAPHY, ETC. NOTE
Bibliography, etc Includes bibliographies
650 #0 - SUBJECT ADDED ENTRY--TOPICAL TERM
Topical term or geographic name as entry element Electronic-Circuits
700 ## - ADDED ENTRY--PERSONAL NAME
Personal name Smith, Kenneth C.
942 ## - ADDED ENTRY ELEMENTS (KOHA)
Koha item type General Book
Holdings
Koha out on loan Price effective from Source of classification or shelving scheme Koha issues (times borrowed) Copy number Not for loan Location (home branch) Koha normalized classification for sorting Koha date last seen Koha item type Damaged status Date acquired Koha date last borrowed Lost status Sublocation or collection (holding branch) Piece designation (barcode) Koha renewals Withdrawn status Koha full call number Shelving location
 2014-09-03 91 Central Library, BUET623_000000000000000_8153SED2002022-05-22Guide Book 2014-09-032021-12-21 Central Library, BUET1038711 623.8153/SED/2004Circulation section
2026-02-032014-09-03 72 Central Library, BUET623_815300000000000_SED_20042026-01-20General Book 2007-05-282026-01-20 Central Library, BUET1038661 623.8153/SED/2004Circulation section
2022-12-062014-09-03 133 Central Library, BUET623_000000000000000_8153SED2002022-11-22Guide Book 2014-09-032022-11-22 Central Library, BUET103867  623.8153/SED/2004Circulation section
2017-02-262014-09-03 24 Central Library, BUET623_000000000000000_8153SED2002016-02-27Guide Book 2014-09-032016-02-27 Central Library, BUET103868  623.8153/SED/2004Circulation section
 2014-09-03 125 Central Library, BUET623_000000000000000_8153SED2002024-06-02Guide Book 2014-09-032024-03-06 Central Library, BUET103870  623.8153/SED/2004Circulation section
 2014-09-03 136 Central Library, BUET623_000000000000000_8153SED2002025-09-08Guide Book 2014-09-032025-08-24 Central Library, BUET1038732 623.8153/SED/2004Circulation section
2023-06-192014-09-03 168 Central Library, BUET623_000000000000000_8153SED2002023-06-05Guide Book 2014-09-032023-06-05 Central Library, BUET1038721 623.8153/SED/2004Circulation section
 2014-09-03 189 Central Library, BUET623_000000000000000_8153SED2002025-10-18Guide Book 2014-09-032025-09-24 Central Library, BUET103874  623.8153/SED/2004Circulation section
2021-02-092014-10-27 510 Central Library, BUET623_000000000000000_8153SED2002020-02-10Guide Book 2014-10-272020-02-10 Central Library, BUET101693  623.8153/SED/2004Circulation section
 2014-11-29 111 Central Library, BUET623_815300000000000_SED_19822026-03-08General Book 2014-11-292014-12-08 Central Library, BUET107789  623.8153/SED/1982Circulation section
2025-05-132016-03-27 1012 Central Library, BUET623_815300000000000_SED_19822025-04-29General Book 2016-03-272025-04-29 Central Library, BUET101692  623.8153/SED/1982Circulation section